Wireless technológie a ich využitie pre širokopásmové služby

Guardado en:
Detalles Bibliográficos
Autor principal: Mišech, Martin, 1987- (Autor)
Otros Autores: Vargic, Radoslav, 1972- (Orientador), Oravec, Juraj (Orientador)
Formato: Manuscrito Libro
Lenguaje:eslovaco
Publicado: Bratislava : STU v Bratislave FEI, 2010
Materias:
Acceso en línea:VAIS
Etiquetas: Agregar Etiqueta
Sin Etiquetas, Sea el primero en etiquetar este registro!

MARC

LEADER 00000ntm a22000003a 4500
001 stu209288
005 20150617230101.9
008 100818s2010------------------------slo-d
040 |a STU  |b slo 
041 0 |a slo 
100 1 |a Mišech, Martin,  |d 1987-  |4 aut  |u E  |T FEI Fakulta elektrotechniky a informatiky  |X 35045  |U E  |Y 30  |7 A000035045 
242 0 0 |a Wireles technologies and their use for broadband services.  |y eng 
242 0 0 |a Bezdrôtové technológie a ich využitie pre širokopásmové služby  |y slo 
245 1 |a Wireless technológie a ich využitie pre širokopásmové služby 
260 |a Bratislava :  |b STU v Bratislave FEI,  |c 2010 
300 |a 43 s 
650 7 |a Telekomunikácie  |2 stusub 
650 7 |a bezdrôtové technológie  |2 stusub 
650 7 |a širokopásmové služby  |2 stusub 
700 1 |a Vargic, Radoslav,  |d 1972-  |4 ths  |u E070  |U FEI Fakulta elektrotechniky a informatiky  |T FEI Ústav telekomunikácií  |X 1918  |U E070  |Y 818  |7 A000001918 
700 1 |a Oravec, Juraj  |4 ths 
856 4 |a info a plný text  |u http://is.stuba.sk/zp/portal_zp.pl?podrobnosti=22103  |3 VAIS 
996 |b 284ER00085  |c E*Bc-85  |l EE16  |s P  |a 0  |w stu209288_0001